[Event "European Blitz-ch 2018"]
[Site "Skopje"]
[Date "2018.12.06"]
[Round "10"]
[White "Djukic, Nikola"]
[Black "Moroni, Luca Jr"]
[Result "0-1"]
[WhiteElo "2574"]
[BlackElo "2564"]
[Annotator "TA"]
[PlyCount "152"]
[EventDate "2018.12.06"]
[EventType "swiss"]
[EventCountry "MKD"]

{[%evp 20,152,31,0,30,31,27,22,42,35,46,39,55,7,78,31,50,25,31,-25,15,-31,-24,-49,-33,-98,-104,-110,-116,-260,-263,-257,-218,-207,-159,-181,-161,-173,-157,-324,-305,-383,-377,-365,-366,-333,-206,-521,-517,-623,-351,-645,-256,-645,-619,-531,-588,-551,-513,-5343,-5114,-29959,-29960,-29956,-29961,-29954,-29957,-29956,-6518,-29957,-29963,-29971,-29972,-29973,-29973,-29974,-29975,-29975,-29973,-29972,0,-29974,-29975,-29974,-29962,-29975,-29962,-29960,-29959,-29960,-29964,-29957,-1452,-855,-59,-59,-59,-29966,-1318,-29977,-29978,-29977,-29978,-29978,-29979,-29986,-29980,-29979,-29974,-29967,-29965,-29969,-29970,-29970,-29971,-29965,0,-2458,-1370,-29984,-29976,-29988,-29989,-29989,-29990,-29990,-29991,-29991,-29992,-29992,-29993,-29993,-29994,-29997,-29994]} 1. e4 e5 2. Nf3 Nc6 3. Bb5 a6 4. Ba4 Nf6 5. O-O b5 6. Bb3 Bc5 7. a4 Rb8 {C78: Ruy Lopez: Archangelsk and Möller Defences} 8. d3 (8. c3 d6 9. d4 Bb6 10. a5 Ba7 11. h3 O-O 12. Re1 Bb7 13. Be3 exd4 14. cxd4 Ne7 15. Nbd2 Bxe4 16. Nxe4 Nxe4 17. Qc2 d5 {0-1 (33) Yu,Y (2759)-Svidler,P (2753) Shenzhen 2018}) 8... d6 9. c3 O-O 10. Bg5 h6 11. Bh4 {LiveBook: 3 Games} Bb6 12. axb5 axb5 13. Na3 b4 14. Nc4 bxc3 15. bxc3 Be6 16. Rb1 $146 ({Predecessor:} 16. Nxb6 Rxb6 {1-0 (58) Ding,Y (2315)-Meenakshi,S (2348) Olongapo City 2010}) 16... Kh7 (16... Na5 $11) 17. Nfd2 g5 18. Bg3 Bc5 19. Bc2 ({White should try} 19. Ra1 $14) 19... Kg7 20. Ne3 Rxb1 21. Qxb1 h5 {Hoping for ...h4.} 22. h4 ({Better is} 22. Ba4 $1 $15) 22... Ng4 $17 23. Nxg4 Bxg4 24. Nc4 (24. Bxe5+ $17 dxe5 25. Qb5) 24... gxh4 $19 25. Bh2 Qg5 26. Qc1 Qg6 $36 {[%mdl 2048] Black is really pushing.} 27. Ne3 h3 {Strongly threatening ...hxg2.} 28. g3 Ne7 29. Bd1 $2 (29. Nxg4 $17 hxg4 30. Qb2) 29... f5 30. exf5 Nxf5 31. Nxg4 hxg4 32. Qd2 Nh6 33. d4 $2 (33. Kh1 {is more resistant.}) 33... exd4 34. cxd4 Bb6 35. f3 $2 (35. Bc2 Qf6 36. Qd3) 35... Qf6 $2 (35... gxf3 {...Qe4 is the strong threat.} 36. Rxf3 Qe4) 36. Be2 $2 (36. Kh1 Bxd4 37. Bg1 Bxg1 38. Kxg1) 36... Qxd4+ 37. Qxd4+ Bxd4+ 38. Kh1 gxf3 39. Bxf3 {[#]} (39. Rxf3 $142 Re8 40. Ba6) 39... Ng4 $1 {[%mdl 512]} 40. Bg1 (40. Bxg4 Rxf1+) 40... Bxg1 41. Kxg1 {[%mdl 4096] Endgame KRB-KRN} Ne5 42. Be2 Rxf1+ 43. Bxf1 {KB-KN} Nf3+ 44. Kf2 h2 45. Bg2 Ne5 46. Be4 Kf6 47. Kg2 Ng4 48. Bf3 Kg5 49. Bc6 Kf6 50. Bf3 $1 {[%cal Rf3g4]} Kf5 51. Bc6 Kg5 52. Bf3 Ne5 53. Be4 c5 {[%cal Bc7c5,Bc5c4,Bc4c3][%mdl 32]} 54. Kxh2 c4 55. Kg2 Kf6 (55... c3 $142 56. Kf2 d5 $1 {[%mdl 512]} 57. Bc2 d4 58. Bb1 Kg4 59. Ke2 Kxg3 60. Bh7 Kf4 61. Bb1 Ng4 62. Kd3 Ke5 63. Ke2 Kd5 64. Bh7 Ne5 65. Bf5 Kc4 66. Be6+ Kb4 67. Kd1 d3 68. Bf5 Kb3 69. Bxd3 Nxd3 70. Ke2 Nb2 71. Kf3 c2 72. Kf4 c1=Q+ 73. Ke5 Nc4+ 74. Kf6 Qf4+ 75. Ke6 Qe5+ 76. Kf7 Nd6+ 77. Kg6 Qf5+ 78. Kh6 Qg4 79. Kh7 Nf5 80. Kh8 Qg7#) 56. Kf2 {[#]} Ke6 $2 (56... Ng4+ $1 $19 57. Kf3 Ke5) 57. Ke3 $15 d5 {[%cal Bd6d5,Bd5d4][%mdl 32]} 58. Bg2 $2 {[%mdl 8192]} (58. Bb1 $15) 58... Nc6 (58... c3 $142 59. Ke2 Kd6 60. Kd1 Kc5 61. Kc2 d4 62. Kb3 Nc4 63. Ba8 Nd2+ 64. Kc2 Kc4 65. Kd1 d3 66. Ke1 Nb3 67. Kf2 c2 68. Bf3 c1=Q 69. Kg2 Nd2 70. Bb7 Qf1+ 71. Kh2 Nf3+ 72. Bxf3 Qxf3 73. Kh3 d2 74. Kh4 d1=Q 75. Kg5 Qxg3+ 76. Kf6 Qdd6+ 77. Kf7 Qgg6#) 59. Kf4 c3 60. Bh3+ Kd6 61. Ke3 d4+ 62. Kd3 Kc5 63. Bf5 Nb4+ 64. Ke2 Kd5 65. g4 Ke5 66. Bg6 Kf4 67. Bf5 Ke5 (67... Kg5 $142 68. Kd1 Nc6 69. Be4 Ne5 70. Ke2 Kf4 71. Bh7 Nxg4 72. Kd3 Ke5 73. Bg8 Ne3 74. Bh7 Ng2 75. Kc2 Kd5 76. Kc1 Kc4 77. Bg8+ Kb4 78. Bh7 Nf4 79. Kc2 {[#]} d3+ $1 {[%mdl 512]} 80. Kd1 Kb3 81. Kc1 Ne2+ 82. Kd1 Kc4 83. Bg8+ Kb4 84. Bb3 Kxb3 85. Ke1 c2 86. Kd2 c1=Q+ 87. Kxd3 Qf4 88. Kxe2 Kc3 89. Ke1 Kd3 90. Kd1 Qf1#) 68. Bg6 $19 Nd5 {( -> ...Nf4+)} 69. Bf5 Ne3 {Black mates.} 70. Bc8 c2 71. Kd2 {[#]} d3 $1 {[%mdl 512]} 72. Ba6 (72. Kxd3 c1=Q) 72... Nf1+ 73. Kc1 Kd4 74. g5 Kc3 {[%csl Gc3,Gf1][%cal Rd3d2]} 75. Bxd3 Kxd3 76. g6 Ng3 {Accuracy: White = 27%, Black = 54%.} 0-1

[Event "European Blitz-ch 2018"]
[Site "Skopje"]
[Date "2018.12.06"]
[Round "10"]
[White "Brkic, Ante"]
[Black "Galopoulos, Nikolaos"]
[Result "1-0"]
[WhiteElo "2563"]
[BlackElo "2356"]
[Annotator "TA"]
[PlyCount "49"]
[EventDate "2018.12.06"]
[EventType "swiss"]
[EventCountry "MKD"]

{[%evp 20,49,105,98,132,87,89,79,81,76,81,73,203,164,170,71,108,102,132,132,214,197,372,321,451,426,923,910,978,863,818,799]} 1. e4 c5 2. Nf3 d6 3. d4 cxd4 4. Nxd4 Nf6 5. Nc3 a6 6. a3 e6 {B90: Sicilian Najdorf: Unusual White 6th moves, 6 Be3 Ng4 and 6 Be3 e5} (6... e5 7. Nf3 Be7 8. Bc4 O-O 9. Bg5 Be6 10. Bxf6 Bxc4 11. Bxe7 Qxe7 12. Nd2 Be6 13. Nf1 Nd7 14. Ne3 Nf6 15. O-O Rac8 16. Qd3 Rc6 17. Rfd1 Rfc8 18. f3 g6 19. Kh1 Kg7 20. Qd2 {½-½ (20) Anand,V (2782)-Nepomniachtchi,I (2729) Riadh 2017}) 7. g4 {[%cal Bg2g4,Bg4g5][%mdl 32]} Be7 8. g5 Nfd7 9. h4 b5 10. Be3 Bb7 11. Qd2 {LiveBook: 14 Games} Ne5 $146 ({Predecessor:} 11... Nc6 12. Rh3 Qc7 13. h5 Nxd4 14. Bxd4 {1-0 (24) Mohammad Fahad,R (2218)-Mohammad,S (2024) Dhaka 2017}) 12. Be2 Qc7 13. f4 Nc4 14. Bxc4 $1 Qxc4 15. f5 Qc8 (15... Nd7 $16) 16. Rf1 Nc6 17. Nxc6 (17. fxe6 $6 fxe6 18. Qg2 (18. Qf2 Rf8 $11) 18... g6 $14) (17. O-O-O $18 {is more deadly.}) 17... Bxc6 18. O-O-O Qb7 19. Qf2 b4 (19... exf5 $16 {was called for.} 20. Qxf5 O-O) 20. axb4 $18 Qxb4 $2 {[#]} (20... exf5 21. Nd5 (21. exf5 f6 $18) (21. Qxf5 O-O $16) 21... Bxd5 22. Rxd5 Qxb4) 21. Rd4 Qa5 (21... Qb7 {is a better defense.} 22. fxe6 f6) 22. fxe6 {White is clearly winning.} fxe6 (22... f6 $142 23. Qf5 (23. gxf6 Bxf6 24. e7 Qe5 $18) 23... Qxf5 24. exf5 Rf8) 23. Qf7+ {[%mdl 64] Double Attack} Kd7 {[#]} 24. Rxd6+ $1 {[%mdl 512]} Kxd6 25. Rd1+ {Accuracy: White = 42%, Black = 22%.} 1-0

[Event "European Blitz-ch 2018"]
[Site "Skopje"]
[Date "2018.12.06"]
[Round "10"]
[White "Jankovic, Alojzije"]
[Black "Uruci, Besim"]
[Result "1/2-1/2"]
[WhiteElo "2557"]
[BlackElo "2137"]
[Annotator "TA"]
[PlyCount "43"]
[EventDate "2018.12.06"]
[EventType "swiss"]
[EventCountry "MKD"]

{[%evp 11,43,0,13,-18,-9,-14,5,-36,-16,-32,-37,-29,-20,-18,-13,-10,-17,-24,-24,-32,-16,-22,0,-39,-42,-57,-6,-1,6,-55,-65,-65,-73,-152]} 1. d4 Nf6 2. Nf3 d5 3. g3 c6 4. Bg2 Bf5 5. O-O Nbd7 6. Nbd2 e6 {LiveBook: 46 Games} 7. Ne5 {D02: 1 d4 d5 2 Nf3 sidelines, including 2...Nf6 3 g3 and 2...Nf6 3 Bf4} (7. c4 Be7 8. b3 O-O 9. Nh4 Bg4 10. h3 Bh5 11. g4 Bg6 12. Nxg6 hxg6 13. a4 Bb4 14. Ba3 Bxa3 15. Rxa3 Qe7 16. Ra2 {½-½ (27) Meijers,V (2475)-Chabanon,J (2477) Sables d'Olonne 2014}) 7... Bd6 8. Ndf3 O-O 9. h3 $146 {The position is equal.} ({Predecessor:} 9. Bf4 Qc7 10. c4 dxc4 11. Nxd7 Nxd7 12. Bxd6 Qxd6 13. Re1 Rfd8 {0-1 (33) Huchebrink,C (1926)-Mager,D (1718) playchess.com INT 2011}) 9... Be4 10. c3 Qc7 {[%cal Rd7e5]} 11. Bf4 h6 12. Nxd7 Nxd7 13. Bxd6 Qxd6 14. Qb3 b5 15. a4 a6 16. Rfe1 Nb6 17. a5 Nc4 18. Qa2 {[#] b3 is the strong threat.} Qc7 ({Better is} 18... b4 $15) 19. b3 $11 Nd6 20. Bf1 (20. b4 $11) 20... Bxf3 $15 21. exf3 c5 22. b4 {Accuracy: White = 14%, Black = 38%.} ({White should try} 22. dxc5 Qxc5 23. Rac1) 1/2-1/2

[Event "European Blitz-ch 2018"]
[Site "Skopje"]
[Date "2018.12.06"]
[Round "10"]
[White "Dimitrov, Radoslav"]
[Black "Nenezic, Marko"]
[Result "1/2-1/2"]
[WhiteElo "2534"]
[BlackElo "2515"]
[Annotator "TA"]
[PlyCount "35"]
[EventDate "2018.12.06"]
[EventType "swiss"]
[EventCountry "MKD"]

{[%evp 21,24,10,26,31,76]} 1. c4 Nf6 2. Nc3 g6 3. g3 Bg7 4. Bg2 O-O 5. d3 d6 6. h3 e5 7. e4 c6 8. Nge2 a6 9. O-O b5 10. a3 Nbd7 {A24: English Opening vs King's Indian: Lines without ...Nc6} 11. Be3 Bb7 {LiveBook: 6 Games} (11... Rb8 12. Qc2 Bb7 13. Rfd1 d5 14. cxd5 cxd5 15. Nxd5 Nxd5 16. exd5 Nf6 17. Nc3 Nxd5 18. Nxd5 Bxd5 {½-½ (35) Tong,Y (2510)-Li,S (2552) China 2007}) 12. b4 d5 $146 ({Predecessor:} 12... Rb8 13. a4 a5 14. axb5 axb4 15. bxc6 Bxc6 {½-½ (39) Ilinsky,V (2350)-Ghinda,M (2450) Budapest 1990}) 13. cxd5 cxd5 14. exd5 Nb6 15. Bxb6 Qxb6 16. Qb3 Rfd8 17. a4 bxa4 18. Nxa4 {½-½ (58) Dimitrov,R (2534)-Nenezic,M (2515) Skopje 2018} 1/2-1/2

[Event "European Blitz-ch 2018"]
[Site "Skopje"]
[Date "2018.12.06"]
[Round "10"]
[White "Popov, Valerij"]
[Black "Polivanov, Anatoliy"]
[Result "1-0"]
[WhiteElo "2532"]
[BlackElo "2374"]
[Annotator "TA"]
[PlyCount "90"]
[EventDate "2018.12.06"]
[EventType "swiss"]
[EventCountry "MKD"]

{[%evp 14,90,19,11,16,7,11,0,-11,-11,-27,-49,-42,-43,-34,-50,-45,-108,-105,-142,-43,-71,-10,-20,0,-45,-10,-15,8,0,0,-193,-184,-137,159,-943,-943,-1971,-1935,-1639,-1644,-29990,-1499,-1431,-678,-1898,-1443,-2550,-1626,-1633,-1618,-1613,-1588,-1581,-1451,-1354,-1337,-1128,-608,-1348,-431,-277,-210,-622,-575,-1135,0,0,2296,2278,2195,1858,1502,0,29991,29992,29993,29970,29998]} 1. Nf3 e6 2. c4 f5 3. g3 Nf6 4. Bg2 Be7 5. O-O O-O 6. d4 Ne4 7. Nfd2 d5 {A92: Classical Dutch: Classical Stonewall (with ...Be7): Early deviations} 8. Nxe4 {LiveBook: 6 Games} (8. Nc3 {with more complications.} Nc6 9. Nf3 Na5 10. cxd5 exd5 11. h4) (8. Nc3 c6 9. f3 Nxd2 10. Qxd2 dxc4 11. Rd1 b5 12. e4 Nd7 13. Qe2 Nb6 14. a3 a5 15. f4 {0-1 (38) Janik,I (2447)-Van Foreest,J (2624) Manavgat 2018}) 8... dxe4 9. Nc3 Nc6 {[%cal Bb8c6,Bc6b4,Bb4d3][%mdl 32] The position is equal.} 10. e3 $146 ({Predecessor:} 10. Be3 Bf6 11. d5 Ne5 12. Qb3 b6 13. Rad1 Qe7 14. f3 exf3 15. exf3 {1-0 (49) Karasek,L (2304)-Zalesky,K (2018) Czech Republic 2018}) 10... e5 {[%cal Re5d4]} 11. d5 Nb4 12. Rb1 Nd3 13. Bd2 a5 14. Qe2 Ra6 15. Kh1 (15. Bh1 $15) 15... Rh6 $17 16. a3 g5 (16... b6 $17 17. Nb5 Qd7) 17. g4 fxg4 18. Nxe4 Nc5 19. Bxa5 Bf5 $36 {[%mdl 2048] Black has some pressure.} 20. Nxc5 Bxb1 21. Nxb7 Qe8 $1 {[%cal Re8h5]} 22. Rxb1 $2 (22. Qxg4 $11 Bf5 23. Qg3) 22... Qh5 $19 {[%csl Gh6][%cal Rh5h2]} 23. h3 Qh4 $2 {[%mdl 8192]} (23... Rf3 $1 $17 {[%cal Rf3h3] and life is bright.} 24. h4 Qxh4+ 25. Kg1 Qh2+ 26. Kf1 Rhf6) 24. Kg1 $2 ({Avoid the trap} 24. Bxc7 $2 Rxf2 25. Qxf2 Qxf2 $19) (24. d6 $16 cxd6 25. Be1) 24... gxh3 {[%cal Bg4h3,Bh3h2][%mdl 32]} 25. Bh1 h2+ 26. Kf1 Rhf6 {[%cal Rf6f2]} (26... Qg3 $2 27. Qe1 $19) 27. f4 exf4 (27... gxf4 $142 28. Qe1 fxe3+ {[%mdl 64] Discovered Attack} 29. Ke2 Rf2+ 30. Kd1 Qxc4 31. Be4 Qxe4 32. Qxf2 Rxf2 33. Rc1 h1=Q+ 34. Be1 Qxd5#) 28. e4 g4 (28... Qg3 $142 29. Qe1 Qd3+ 30. Kf2 Qd4+ 31. Kf3 g4+ $1 {[%mdl 512]} 32. Kg2 Rh6 33. Bc3 Qd3 34. Qd1 Qh3+ 35. Kf2 Bh4+ 36. Ke2 Qe3+ 37. Kf1 Qf2#) 29. e5 Rf5 {aiming for ...f3.} 30. Qe4 Qh3+ 31. Ke1 f3 32. d6 f2+ 33. Kd2 Bg5+ 34. Kc2 f1=Q 35. Rxf1 Qxf1 36. dxc7 {[#] If White can now play Qd5+ this consolidates a bit.} Rf4 (36... Rf3 $142 $1 {[%csl Gg5][%cal Rf1c1][%mdl 512]} 37. Qd5+ (37. Bxf3 Qxf3) 37... Kh8 38. Bxf3 Qxf3) 37. Qd5+ Kh8 38. Bc3 $2 (38. e6 Bf6 39. e7 $1 {[%mdl 512]} Bxe7 40. Kb3) 38... Rxc4 39. Qd6 Qf2+ $2 ({Better is} 39... Bh6 $19 40. Qd5 Rxc7) 40. Kb3 $11 {[#]} g3 $2 {[%mdl 8192]} (40... Rxc3+ $1 $11 41. bxc3 Rc8) 41. Kxc4 $18 {e6+ would kill now.} Qf1+ 42. Kb3 {White wants to mate with e6+.} Qb5+ 43. Ka2 $2 ({White must play} 43. Bb4 $18 {[%cal Rd6f8]} Rc8 44. Nd8) 43... Qe8 $2 {[%mdl 8192]} (43... Qc4+ $11 44. b3 Rf2+ 45. Bb2 Qc2 46. Qd8+ {[#]} Bxd8 $1 {[%mdl 512]} 47. cxd8=Q+ Kg7 48. Qd7+ Kh8 49. Qe8+ Kg7 50. Qd7+ Kh6 51. Qh3+ {[%mdl 64] Double Attack} Kg7 52. Qd7+ (52. Qxg3+ $2 Kf8 $19)) 44. e6+ Bf6 45. Bc6 Qg6 {Accuracy: White = 23%, Black = 46%.} 1-0

[Event "European Blitz-ch 2018"]
[Site "Skopje"]
[Date "2018.12.06"]
[Round "10"]
[White "Demidov, Mikhail"]
[Black "Guseinov, Gadir"]
[Result "0-1"]
[WhiteElo "2520"]
[BlackElo "2664"]
[Annotator "TA"]
[PlyCount "48"]
[EventDate "2018.12.06"]
[EventType "swiss"]
[EventCountry "MKD"]

{[%evp 13,48,14,27,-9,-12,-36,-10,-40,-29,-30,-38,-31,-19,-53,-49,-58,-51,-116,-114,-139,-66,-74,-32,-35,34,-235,-237,-246,-243,-214,-178,-193,-176,-345,-335,-6507,-6507]} 1. d4 Nf6 2. Bg5 e6 3. e4 h6 4. Bxf6 Qxf6 5. c3 b6 (5... d6 6. Bd3 g6 7. Ne2 Bg7 8. O-O O-O 9. f4 Qe7 10. e5 b6 11. Nd2 Bb7 12. Be4 Bxe4 13. Nxe4 Rd8 14. Qe1 {0-1 (62) Moiseenko,A (2667)-Wang,Y (2690) Riadh 2017}) 6. Bd3 {A45: Trompowsky Attack} Bb7 7. Nd2 c5 {LiveBook: 3 Games} 8. Ne2 {White has an edge.} Nc6 {[%cal Rc5d4]} 9. Nf3 $146 ({Predecessor:} 9. e5 Qd8 10. Be4 cxd4 11. cxd4 Be7 12. O-O O-O 13. f4 {1-0 (30) Fedoseeva,V (1923)-Severina,M (2235) Kaliningrad 2013}) 9... cxd4 10. cxd4 Bb4+ 11. Kf1 g5 {[%cal Bg7g5,Bg5g4][%mdl 32]} 12. h3 Be7 13. a3 h5 14. e5 Qg7 15. Be4 ({White should play} 15. Qa4 $15) 15... g4 16. Nd2 Ba6 (16... f5 $17 17. exf6 Qxf6) 17. Kg1 $15 Rc8 {...Bxe2 is the strong threat.} 18. Rc1 Bg5 (18... h4 $15) 19. Nc4 $2 {[%mdl 8192]} (19. Rc3 $14 {keeps the upper hand.}) 19... Bxc1 $19 20. Nd6+ {[#]} Ke7 $1 21. Nxc1 g3 22. Nxc8+ Rxc8 23. Bxc6 $2 (23. fxg3 Qxg3 24. Qf3 Qxf3 25. gxf3) 23... Rxc6 24. Ne2 $2 {[#]} (24. fxg3 Qxg3 25. h4) 24... Bxe2 {Accuracy: White = 20%, Black = 59%.} 0-1

[Event "European Blitz-ch 2018"]
[Site "Skopje"]
[Date "2018.12.06"]
[Round "10"]
[White "Potapov, Pavel"]
[Black "Nikcevic, Nebojsa"]
[Result "0-1"]
[WhiteElo "2516"]
[BlackElo "2434"]
[Annotator "TA"]
[PlyCount "94"]
[EventDate "2018.12.06"]
[EventType "swiss"]
[EventCountry "MKD"]

{[%evp 11,94,0,2,-30,14,8,22,29,36,13,33,0,70,36,70,18,85,3,13,0,0,-45,-37,-52,6,-22,-36,-22,-27,-27,-29,-27,-26,-27,26,-74,-39,-76,-29,-65,-48,-45,-19,-22,-25,-164,-79,-146,-152,-152,-150,-137,-152,-131,-133,-202,-189,-293,-193,-264,-169,-483,-506,-493,-456,-482,-509,-648,-606,-535,-416,-456,-299,-243,0,-512,-504,-494,-485,-904,-896,-872,-854,-1092,-1085]} 1. e4 e5 2. Nf3 Nf6 3. Nxe5 d6 4. Nc4 Nxe4 5. Qe2 Qe7 6. d3 Nf6 {LiveBook: 31 Games. C42: Petroff Defence: 3 Nxe5 and unusual White 3rd moves} 7. Nc3 (7. Bg5 Qxe2+ 8. Bxe2 Be7 9. Nba3 Nc6 10. Nb5 Kd8 11. O-O h6 12. Bh4 a6 13. Nc3 Nd4 14. Bd1 {½-½ (31) Bryzgalin,K (2473)-Zakhartsov,V (2578) Taganrog 2011}) 7... Qxe2+ 8. Bxe2 Be6 $146 {The position is equal.} ({Predecessor:} 8... Be7 9. Nb5 Na6 10. Be3 Bd7 11. a4 b6 12. Bf3 d5 13. Ne5 c6 14. Nd4 {1-0 (30) Martinez,M (1925)-Acosta,J (1658) Bogota 2016}) 9. Nb5 Na6 10. Bf4 Kd7 11. O-O-O Ne8 (11... g6 $11) 12. d4 c6 13. Nc3 (13. d5 $14 cxd5 14. Ne3) 13... Nb4 (13... Nf6 $11) 14. Rhe1 (14. a3 $16 Nd5 15. Nxd5 Bxd5 16. Ne3) 14... Nc7 15. Bg3 Be7 16. a3 Nbd5 17. Ne4 {[%cal Rc4d6]} Ne8 (17... f5 $1 $15 18. Nexd6 Rab8) 18. h3 f5 19. Ned2 Nec7 20. Bf3 f4 21. Bh2 g5 22. Ne4 h5 (22... Bf5 $142) 23. Be2 (23. Ncxd6 $1 $11 Bxd6 24. c4) 23... Raf8 24. Bd3 Rhg8 25. Ncd2 g4 26. hxg4 hxg4 {Strongly threatening ...g3!} 27. c4 Nf6 28. c5 ({Reject} 28. Bxf4 Nxe4 29. Rxe4 d5 $17) (28. Nc3 $11) 28... d5 (28... Nxe4 $19 {has better winning chances.} 29. Nxe4 d5) 29. Nd6 ({White should play} 29. Nc3) 29... g3 $36 {[%mdl 2048] White is under strong pressure.} 30. fxg3 fxg3 31. Bg1 Bxd6 32. cxd6 Kxd6 33. Nf3 (33. Re3 $17) 33... Bg4 $19 34. Be3 (34. Be2 {is the only way for White.}) 34... Ne6 {aiming for ...Bxf3.} 35. Bh6 (35. Be2 $142) 35... Re8 {White must now prevent ...Bxf3.} 36. Bc2 $2 {[#]} (36. Re3) 36... Bxf3 37. gxf3 Nh5 38. Bf5 Nef4 39. Bg4 Rxe1 40. Rxe1 g2 41. Kd2 Rh8 42. Bg5 {[#]} Re8 $2 ({Black should try} 42... Ng6 $1 $19 43. Rg1 Nhf4) 43. Rg1 $2 {[%mdl 8192]} (43. Rxe8 $11 {and White has nothing to worry.} g1=Q 44. Be7+ Kc7 45. Bd8+ Kd6 46. Be7+ Kc7 47. Bd8+ Kd6 48. Be7+) 43... Re2+ {Black is clearly winning.} 44. Kc3 Rf2 {...Ne2+ is the strong threat.} 45. Bh4 (45. Kb3 $142) 45... Rf1 {[%mdl 64] Trapped Piece} 46. Rxg2 Nxg2 47. Bxh5 Nxh4 {Accuracy: White = 15%, Black = 43%.} 0-1

[Event "European Blitz-ch 2018"]
[Site "Skopje"]
[Date "2018.12.06"]
[Round "10"]
[White "Ruck, Robert"]
[Black "Navara, David"]
[Result "0-1"]
[WhiteElo "2512"]
[BlackElo "2736"]
[Annotator "TA"]
[PlyCount "78"]
[EventDate "2018.12.06"]
[EventType "swiss"]
[EventCountry "MKD"]

{[%evp 13,78,22,27,17,25,18,31,20,25,10,35,41,36,54,50,38,41,42,70,54,87,20,91,56,56,56,104,96,136,135,162,150,164,162,182,181,179,167,127,133,144,131,162,107,103,106,115,112,156,110,115,59,68,29,52,0,0,0,0,0,75,0,34,-48,-8,-29989,-29990]} 1. Nf3 Nf6 2. g3 d5 3. Bg2 c6 4. O-O Bg4 5. c4 Bxf3 (5... e6 6. cxd5 cxd5 7. Qb3 Qb6 8. Qxb6 axb6 9. Nc3 Nc6 10. d3 Nd7 11. Bf4 Be7 12. Rfc1 O-O 13. h3 Bxf3 14. Bxf3 {0-1 (34) Svidler,P (2760)-Karjakin,S (2763) Moscow 2018}) 6. Bxf3 {A11: English Opening: 1...c6} e6 7. d3 Nbd7 {LiveBook: 7 Games} 8. Nd2 {White has an edge.} h5 $146 ({Predecessor:} 8... d4 9. Ne4 Nxe4 10. Bxe4 h5 11. h4 Nc5 12. Bg5 Qxg5 13. Qd2 a5 14. a3 f6 15. b4 axb4 16. axb4 Na4 17. b5 Nc3 {0-1 (17) Ramus,N-Grott,P DESC email 2005}) 9. h3 Bd6 10. Bg2 Ne5 11. Qb3 Qc7 12. d4 Nxc4 13. Nxc4 dxc4 14. Qxc4 h4 15. g4 a6 16. Bd2 O-O 17. Rac1 ({White should play} 17. Rad1 $16) 17... Rae8 (17... Nd5 $11) 18. f4 Nd5 {[%cal Rd6f4,Bf6d5,Bd5c7,Bc7b5][%mdl 32]} 19. e3 {[%cal Be2e3,Be3e4,Be4e5][%mdl 32]} Qd8 20. e4 Nc7 21. Be3 Be7 22. Qb3 Nb5 23. Rfd1 Nd6 24. e5 Nb5 25. a4 Nc7 26. Qxb7 Nd5 27. Bxd5 Qxd5 28. Qxc6 (28. Rf1 $18) 28... Qb3 $16 29. Qc3 Qxa4 30. Qc4 Qa5 31. Ra1 Qb6 32. Rxa6 (32. Qxa6 $16 Qxb2 33. Rab1) 32... Qxb2 $14 33. Ra2 Qb7 34. d5 (34. Qf1 $14) 34... Rc8 $11 35. Qd3 {[#] Hoping for Ra7.} exd5 $1 36. Qxd5 Qb8 (36... Qb4 $1 $11) 37. Bf2 (37. e6 $16) 37... Rc3 {And now ...Rd8 would win.} (37... Rfd8 $5 38. Qf3 $8 Rxd1+ 39. Qxd1 Qb4 $14) 38. Qg2 ({Better is} 38. Rda1 $14) 38... Qb3 {[%mdl 1024] Black has compensation.} 39. Bd4 $2 {[%mdl 8192] [#]} (39. Qd5 $11) 39... Qxd1+ {[%mdl 64] Double Attack. Accuracy: White = 39%, Black = 51%.} 0-1

[Event "European Blitz-ch 2018"]
[Site "Skopje"]
[Date "2018.12.06"]
[Round "10"]
[White "Ivic, Velimir"]
[Black "Sanal, Vahap"]
[Result "0-1"]
[WhiteElo "2497"]
[BlackElo "2490"]
[Annotator "TA"]
[PlyCount "62"]
[EventDate "2018.12.06"]
[EventType "swiss"]
[EventCountry "MKD"]

{[%evp 25,62,20,40,29,36,0,0,-33,-41,-47,-30,-94,-44,-81,86,-182,-158,-316,-30,-25,-18,-221,-243,-488,-489,-569,-362,-334,-279,-581,-608,-607,-506,-613,-604,-1093,-1062,-2006,-1945]} 1. e4 e5 2. Nf3 Nc6 3. Bb5 a6 4. Ba4 Nf6 5. O-O Nxe4 6. d4 b5 7. Bb3 d5 8. dxe5 Be6 9. Nbd2 {[%cal Bb1d2,Bd2b3,Bb3d4][%mdl 32]} Be7 10. c3 O-O 11. Bc2 f5 12. Nb3 Qd7 13. Nbd4 {C83: Open Ruy Lopez: 9 c3 Be7} (13. Qe1 a5 14. a4 bxa4 15. Nbd4 Nxd4 16. Nxd4 Nc5 17. Ra2 Nb3 18. Nxe6 Qxe6 19. Rxa4 Nxc1 20. Qxc1 Qxe5 {½-½ (31) Vitiugov,N (2726)-Vidit,S (2711) Batumi 2018}) 13... Nd8 {LiveBook: 3 Games} 14. a4 {Strongly threatening axb5.} b4 15. Nxe6 $146 {White is slightly better.} (15. c4 $5 dxc4 16. Nxf5 Bxf5 17. Qxd7 Bxd7 18. Bxe4 $11) ({Predecessor:} 15. Bb3 c6 16. cxb4 Bxb4 17. Bg5 Bc5 18. Rc1 Bxd4 19. Qxd4 Rb8 20. Bc2 c5 {0-1 (41) Rodin,D (2402)-Lomasov,S (2549) Yaroslavl 2018}) 15... Nxe6 16. c4 d4 17. Ne1 N4c5 18. f4 (18. Nd3 $11 {remains equal.}) 18... Rab8 19. Rf3 {[#]} Rfd8 $2 (19... b3 $1 $17 {[%mdl 512] stays on course.} 20. Bd3 (20. Bxb3 d3) 20... g6) 20. b3 $2 {[%mdl 8192] [#]} (20. Bxf5 $16 {aiming for Rh3.} g6 21. Bd3) 20... d3 $1 $36 {[%cal Rd3c2][%mdl 2624] Decoy. Black is really pushing.} 21. Bxd3 $2 (21. Rxd3 $17 {is a better defense.} Nxd3 22. Qxd3) 21... Qd4+ $2 (21... Nd4 $19 22. Rh3 Ndxb3) 22. Be3 $11 Qc3 23. Bd2 $2 (23. Bxc5 $1 $11 {and White is okay.} Bxc5+ 24. Kh1) 23... Qxb3 $19 24. Bc2 $2 (24. Bxf5 {keeps fighting.} Qxd1 25. Bxe6+ Nxe6 26. Rxd1) 24... Qxc4 25. Bxf5 Qd4+ 26. Rf2 {[#]} Nxf4 $1 {[%mdl 512]} 27. Qg4 $2 (27. Rb1 b3 28. Qf3) (27. Bxf4 Qxd1) 27... Qxa1 {Black is clearly winning.} 28. Qxf4 {White hopes to continue with Bxh7+!} Qd4 29. Qf3 {intending Bxh7+!} Qxe5 30. Qh5 g6 {[%mdl 64] Double Attack} 31. Qg4 {[#]} Rxd2 $1 {Accuracy: White = 10%, Black = 41%.} 0-1